000 00404nam a22001697a 4500
003 MPLRDC
005 20220104123337.0
008 210129b ||||| |||| 00| 0 eng d
082 _a426.3 YXD
100 _a杨肖棣编著
245 _a儿童服装裁剪大全
_c
250 _a初版
260 _a
_b香港大中书局
_c1958
300 _b
650 _a家庭缝纫
942 _cBK
_o426.3 YXD
999 _c10636
_d10626